000 00501nam a22001817a 4500
005 20260115163039.0
010 _aENG-147479
020 _a9789349042643
_c599.00
035 _aEN-131011
037 _bDBAD
082 _aS
_21
100 _aWoolf, Virginia
_986455
245 _aMrs Dalloway/
_cVirginia Woolf
260 _aChandigarh
_bThe Browser
_c2025
270 _bChandigarh
_aSCO 14-15, Sector 8-C
_e160009
_mservice@thebrowser.org
300 _a202p.
_c23cm(hb)
942 _2ddc
_cEN
_hS
_mWOO
999 _c214192
_d214192